Derechos fundamentales de los pacientes

Na minha lista:
Detalhes bibliográficos
Autor principal: Garay, Oscar Ernesto (Author)
Formato: Livro
Idioma:espanhol
Publicado em: Buenos Aires Ad-Hoc 2003
Assuntos:
Tags: Adicionar Tag
Sem tags, seja o primeiro a adicionar uma tag!

MARC

LEADER 00000nam a2200000 a 4500
001 UCL3086
003 CL-VaPUC
008 031114e20030000AG |||||||||||||||||spa|d
020 |a 9508943998 
082 0 4 |a 344.0412  |b GAR  |2 21 
100 |a Garay, Oscar Ernesto  |e author  |9 480292 
245 1 0 |a Derechos fundamentales de los pacientes 
246 1 0 |a Bioética y derechos humanos. Los derechos personalísimos. Derecho a la vida y a la salud. El derecho a disponer del propio cuerpo y la esterilización. Anencefalia. El principio de dignidad de la persona. Derecho a la verdad. Derecho a la identidad sexual. Secreto médico, responsabilidad penal y responsabilidad civil. Los derechos del paciente terminal. Consentimiento informado. Doctrina - jurisprudencia - legislación 
300 |a 542 p 
942 |c BK 
945 |d 20031114 00:00:00  |a cmena 
260 |a Buenos Aires  |b Ad-Hoc  |c 2003 
650 7 |a RESPONSABILIDAD CIVIL  |2 CL-VaPUC  |9 480293 
650 0 |a Derechos humanos  |9 223025 
650 0 |a Medicina   |9 258507 
650 0 |a Derecho de salud  |9 256907 
650 0 |a Identidad sexual   |9 480057 
650 0 |a Responsabilidad penal  |9 254899 
650 0 |a Ética médica  |9 312024 
583 |a last modification  |c 20031114 00:00:00  |k Rodrigo Vera 
999 |c 306219  |d 306217 
952 |0 0  |1 0  |4 0  |6 344_041200000000000_GAR_2003  |7 0  |8 DER_TF  |9 371069  |a BIBDER  |b BIBDER  |d 2019-11-21  |i 3963403  |o 344.0412 GAR 2003  |p 3963403  |r 2023-01-25  |w 2019-11-21  |x Ubicación 4to Piso  |y BK  |z Estos recursos deben solicitarse con anticipación  |k DER